Ecotourism and The Community Participation (Record no. 912)

MARC details
000 -LEADER
Fixed length control field 00461nam a2200169 4500
003 - CONTROL NUMBER IDENTIFIER
Control field SEACOMMC
005 - DATE AND TIME OF LATEST TRANSACTION
Control field 20250429110746.0
008 - FIXED-LENGTH DATA ELEMENTS--GENERAL INFORMATION
Fixed length control field 241220b |||||||| |||| 00| 0 eng d
020 ## - INTERNATIONAL STANDARD BOOK NUMBER / ISBN
International Standard Book Number 81-7273-344-5
Price Rs.475.00
040 ## - CATALOGING SOURCE
Original cataloging agency SEACOMMC
082 ## - DEWEY DECIMAL CLASSIFICATION NUMBER
Classification number 910
Book Number M 255
100 ## - MAIN ENTRY--PERSONAL NAME
Personal name Mallya, Abhilash
245 1# - TITLE STATEMENT
Title Ecotourism and The Community Participation
Statement of responsibility Abhilash Mallya
260 ## - IMPRINT
Place of publication Delhi
Name of publisher Authors Press
Date of publication 2006
650 ## - SUBJECT ADDED ENTRY--TOPICAL TERM
Topical term Tourism....India
942 ## - ADDED ENTRY ELEMENTS (KOHA)
Koha item type Books
Holdings
Withdrawn status Lost status Source of classification Damaged status Not for loan Home library Current library Shelving location Date acquired Total Checkouts Call number Accession number Date last seen Price effective from Koha item type
    Dewey Decimal Classification     SEACOM MANAGEMENT COLLEGE SEACOM MANAGEMENT COLLEGE Reference 11/12/2007   910 M 255 M-1225 20/12/2024 20/12/2024 Books
© Seacom Engineering College, All rights reserved.    Powered by Koha